[Event "Wiesbaden op 27th"]
[Site "Wiesbaden"]
[Date "2015.08.29"]
[Round "4"]
[White "Usczeck, Alina"]
[Black "Ley, Sabrina"]
[Result "0-1"]
[WhiteElo "1623"]
[BlackElo "1833"]
[PlyCount "50"]
[EventDate "2015.08.27"]
[EventType "swiss"]
[EventRounds "7"]
[EventCountry "GER"]
[SourceTitle "EXT 2016"]
[Source "ChessBase"]
[SourceDate "2015.10.08"]
[SourceVersion "1"]
[SourceVersionDate "2015.10.08"]
[SourceQuality "1"]

1. e4 c5 2. c3 d5 3. exd5 Qxd5 4. Nf3 e6 5. Na3 Qd8 6. d4 Nf6 7. Be2 Nc6 8. Nc2 Be7 9. 0-0 0-0 10. dxc5 Bxc5 11. Be3 Bxe3 12. Nxe3 b6 13. Qc2 Bb7 14. Rfd1 Qe7 15. Rd2 Rfd8 16. Rad1 Rxd2 17. Rxd2 Rc8 18. Qd1 h6 19. Nc4 Nd5 20. Nfe5 Nxe5 21. Nxe5 Rc7 22. Bf3 Qg5 23. Nd3 Nxc3 24. bxc3 Bxf3 25. Qxf3 Qxd2 0-1

[Event "Wiesbaden op 27th"]
[Site "Wiesbaden"]
[Date "2015.08.28"]
[Round "3"]
[White "Klebs, Sebastian"]
[Black "Usczeck, Alina"]
[Result "1/2-1/2"]
[WhiteElo "1890"]
[BlackElo "1623"]
[PlyCount "33"]
[EventDate "2015.08.27"]
[EventType "swiss"]
[EventRounds "7"]
[EventCountry "GER"]
[SourceTitle "EXT 2016"]
[Source "ChessBase"]
[SourceDate "2015.10.08"]
[SourceVersion "1"]
[SourceVersionDate "2015.10.08"]
[SourceQuality "1"]

1. e4 c6 2. Nf3 d5 3. e5 c5 4. d4 Nc6 5. c3 Bg4 6. Bb5 cxd4 7. cxd4 e6 8. h3 Bxf3 9. Qxf3 a6 10. Bxc6+ bxc6 11. 0-0 c5 12. dxc5 Bxc5 13. Be3 Bxe3 14. Qxe3 Ne7 15. Nd2 0-0 16. Nf3 Rb8 17. b3 1/2-1/2

[Event "Wiesbaden op 27th"]
[Site "Wiesbaden"]
[Date "2015.08.28"]
[Round "2"]
[White "Usczeck, Alina"]
[Black "Eg, Karlheinz"]
[Result "1/2-1/2"]
[WhiteElo "1623"]
[BlackElo "1869"]
[PlyCount "43"]
[EventDate "2015.08.27"]
[EventType "swiss"]
[EventRounds "7"]
[EventCountry "GER"]
[SourceTitle "EXT 2016"]
[Source "ChessBase"]
[SourceDate "2015.10.08"]
[SourceVersion "1"]
[SourceVersionDate "2015.10.08"]
[SourceQuality "1"]

1. e4 e5 2. Nf3 Nc6 3. d4 exd4 4. Nxd4 Bc5 5. Be3 Qf6 6. Nb5 Bxe3 7. fxe3 Qh4+ 8. g3 Qd8 9. Qg4 g6 10. Qf4 d6 11. Bc4 Be6 12. Bxe6 fxe6 13. 0-0 Kd7 14. N1c3 a6 15. Nd4 Ne5 16. Nf3 Nxf3+ 17. Qxf3 Ne7 18. Qg4 Qg8 19. Rf6 h5 20. Qh3 g5 21. Raf1 g4 22. Qg2 1/2-1/2

[Event "GER-ch U16 Girls"]
[Site "Willingen"]
[Date "2015.05.27"]
[Round "6"]
[White "Simon, Tessa"]
[Black "Usczeck, Alina"]
[Result "1-0"]
[WhiteElo "1818"]
[BlackElo "1777"]
[PlyCount "81"]
[EventDate "2015.05.24"]
[EventType "swiss"]
[EventRounds "9"]
[EventCountry "GER"]
[SourceTitle "CBM 166 Extra"]
[Source "ChessBase"]
[SourceDate "2015.06.18"]
[SourceVersion "1"]
[SourceVersionDate "2015.06.18"]
[SourceQuality "1"]

1. e4 c6 2. d4 g6 3. f4 d5 4. e5 Bg7 5. Bd3 Bf5 6. Bxf5 gxf5 7. Qh5 e6 8. Nf3 h6 9. g4 Ne7 10. gxf5 Nxf5 11. Nc3 Nd7 12. Ne2 c5 13. c3 Qb6 14. Rg1 Rg8 15. Ng3 Bf8 16. Nxf5 Rxg1+ 17. Nxg1 exf5 18. Ne2 Qg6 19. Ng3 Qxh5 20. Nxh5 cxd4 21. cxd4 Ke7 22. Bd2 Rc8 23. Bb4+ Ke8 24. Bxf8 Kxf8 25. Kd2 Rc4 26. Kd3 Ke7 27. Ng7 Rc6 28. Nxf5+ Kf8 29. Rg1 Re6 30. Nd6 b6 31. f5 Re7 32. f6 Re6 33. Nf5 Nxf6 34. exf6 Rxf6 35. Ne3 Rf2 36. Rg2 Rf3 37. Ke2 Rf6 38. Rg4 Rd6 39. Rf4 Rc6 40. Rf5 Rd6 41. Rxd5 1-0

[Event "SVR-ch MAT-II 38th"]
[Site "Nickenich"]
[Date "2015.04.02"]
[Round "5"]
[White "Breuer, Yannick"]
[Black "Usczeck, Alina"]
[Result "1-0"]
[WhiteElo "1831"]
[BlackElo "1748"]
[PlyCount "55"]
[EventDate "2015.03.28"]
[EventType "tourn"]
[EventRounds "7"]
[EventCountry "GER"]
[SourceTitle "EXT 2016"]
[Source "ChessBase"]
[SourceDate "2015.10.08"]
[SourceVersion "1"]
[SourceVersionDate "2015.10.08"]
[SourceQuality "1"]

1. e4 c6 2. d4 d5 3. exd5 cxd5 4. c4 Nf6 5. Nc3 Nc6 6. Nf3 Bg4 7. Be3 e6 8. c5 Be7 9. Be2 0-0 10. a3 a5 11. Na4 Nd7 12. Qd2 b6 13. Bb5 Ncb8 14. c6 Nf6 15. Bf4 Na6 16. Rc1 Nc7 17. Bd3 Rb8 18. Ne5 Bd6 19. Nd7 Bxf4 20. Qxf4 e5 21. Nxf6+ Qxf6 22. Qxg4 e4 23. Be2 Qxd4 24. Nc3 f5 25. Qf4 Ne6 26. Qd2 Qf6 27. Nxd5 Qf7 28. c7 1-0

[Event "SVR-ch MAT-II 38th"]
[Site "Nickenich"]
[Date "2015.04.02"]
[Round "6"]
[White "Usczeck, Alina"]
[Black "Zirwes, Hans Juergen"]
[Result "1/2-1/2"]
[WhiteElo "1748"]
[BlackElo "1909"]
[PlyCount "81"]
[EventDate "2015.03.28"]
[EventType "tourn"]
[EventRounds "7"]
[EventCountry "GER"]
[SourceTitle "EXT 2016"]
[Source "ChessBase"]
[SourceDate "2015.10.08"]
[SourceVersion "1"]
[SourceVersionDate "2015.10.08"]
[SourceQuality "1"]

1. e4 e5 2. Nf3 Nc6 3. d4 d6 4. dxe5 dxe5 5. Qxd8+ Kxd8 6. Bc4 f6 7. a3 Bd6 8. Be3 Nge7 9. Nc3 Bg4 10. Nb5 a6 11. Nxd6 cxd6 12. Bb6+ Kd7 13. Nd2 Nc8 14. Be3 Kc7 15. f3 Bd7 16. Rd1 N8e7 17. 0-0 Rad8 18. Bb3 Nc8 19. Nb1 h6 20. Nc3 N6e7 21. Rd2 f5 22. f4 exf4 23. Bxf4 g5 24. Be3 fxe4 25. Nxe4 Nf5 26. Bf2 Rhf8 27. Rfd1 Bc6 28. Ng3 Ng7 29. Bd4 Ne8 30. Re2 Bd7 31. Be6 Nf6 32. Bxd7 Rxd7 33. Re6 Rdf7 34. Rf1 Ng8 35. Rxf7+ Rxf7 36. Re8 Nce7 37. Nh5 Nf5 38. Bc3 Nge7 39. Nf6 d5 40. Be5+ Kc6 41. Ng4 1/2-1/2

[Event "Karl Mala Memorial op-A 17th"]
[Site "Frankfurt"]
[Date "2014.08.01"]
[Round "2"]
[White "Froehlich Dill, Astrid"]
[Black "Usczeck, Alina"]
[Result "1-0"]
[WhiteElo "1894"]
[BlackElo "1686"]
[PlyCount "107"]
[EventDate "2014.07.31"]
[EventType "swiss"]
[EventRounds "7"]
[EventCountry "GER"]
[SourceTitle "EXT 2015"]
[Source "ChessBase"]
[SourceDate "2014.11.20"]
[SourceVersion "1"]
[SourceVersionDate "2014.11.20"]
[SourceQuality "1"]

1. d4 d5 2. Nf3 Nf6 3. c4 c6 4. e3 a6 5. Nc3 b5 6. cxd5 cxd5 7. Bd3 Nc6 8. a3 e6 9. Bd2 Bb7 10. 0-0 Bd6 11. Rc1 Rc8 12. Qe2 0-0 13. h3 Qe7 14. b4 Nb8 15. Ne5 Nbd7 16. f4 Nb6 17. f5 Ne4 18. Nxe4 dxe4 19. Bb1 Bxe5 20. dxe5 exf5 21. Rc5 Rxc5 22. bxc5 Nc4 23. Bb4 a5 24. Bxa5 Nxa5 25. Qxb5 Nc6 26. Rxf5 Nxe5 27. Rxe5 Qxe5 28. Qxb7 Qxc5 29. Qxe4 g6 30. a4 Rb8 31. Bd3 Qa5 32. Bb5 Qb6 33. Qd4 Qxd4 34. exd4 Rd8 35. a5 Rxd4 36. a6 Rd8 37. Bc6 Kg7 38. a7 Kf6 39. a8Q Rxa8 40. Bxa8 Ke5 41. Kf2 g5 42. Bf3 f5 43. Ke3 f4+ 44. Kd3 h6 45. Kc4 Kd6 46. Kd4 Ke7 47. Ke5 Kf7 48. Kf5 Ke7 49. Kg6 Ke6 50. Kxh6 Kf6 51. Bg4 Kf7 52. Kxg5 Kg7 53. Kxf4 Kh6 54. Bf3 1-0

[Event "Karl Mala Memorial op-A 17th"]
[Site "Frankfurt"]
[Date "2014.08.01"]
[Round "3"]
[White "Usczeck, Alina"]
[Black "Meckel, Helmut"]
[Result "1/2-1/2"]
[WhiteElo "1686"]
[BlackElo "1850"]
[PlyCount "131"]
[EventDate "2014.07.31"]
[EventType "swiss"]
[EventRounds "7"]
[EventCountry "GER"]
[SourceTitle "EXT 2015"]
[Source "ChessBase"]
[SourceDate "2014.11.20"]
[SourceVersion "1"]
[SourceVersionDate "2014.11.20"]
[SourceQuality "1"]

1. e4 e6 2. d4 d5 3. exd5 exd5 4. Bd3 Nc6 5. c3 Bd6 6. Ne2 Nf6 7. Bf4 Bg4 8. f3 Bh5 9. 0-0 Ne7 10. Re1 Bg6 11. Qc2 Bxf4 12. Nxf4 Qd6 13. Qe2 0-0-0 14. g3 Nf5 15. Nd2 h5 16. Qe5 Qd7 17. Nxg6 fxg6 18. Nb3 b6 19. Qe6 Rde8 20. Qxd7+ Kxd7 21. Re5 Rxe5 22. dxe5 Ng8 23. f4 c5 24. Rd1 Ke6 25. Be2 g5 26. Bf3 Nge7 27. Kf2 gxf4 28. gxf4 g6 29. Nc1 Rd8 30. Ne2 Nh4 31. Bh1 g5 32. Kg3 Nef5+ 33. Kf2 Ng6 34. fxg5 Kxe5 35. Bf3 h4 36. Bg4 Nf4 37. Bf3 Ne7 38. Rd2 Kf5 39. Nxf4 Kxf4 40. g6 Ke5 41. Re2+ Kf6 42. Bh5 Rf8 43. Kg2 Nxg6 44. Bxg6 Kxg6 45. Re7 Rf7 46. Re5 Rd7 47. Kh3 d4 48. cxd4 cxd4 49. Kxh4 d3 50. Re1 Rc7 51. Rd1 Rc2 52. Rxd3 Rxh2+ 53. Kg4 Rg2+ 54. Kf4 Rxb2 55. Rd6+ Kh5 56. Rd5+ Kh4 57. Rd7 Rb4+ 58. Kf3 a5 59. Ke3 Rb2 60. Rd2 Rb1 61. Kd3 b5 62. Kc3 Rc1+ 63. Rc2 b4+ 64. Kb2 Rxc2+ 65. Kxc2 a4 66. Kd3 1/2-1/2

[Event "Magdeburg op-A"]
[Site "Magdeburg"]
[Date "2014.06.14"]
[Round "9"]
[White "Hartmann, Jakob"]
[Black "Usczeck, Alina"]
[Result "0-1"]
[WhiteElo "1735"]
[BlackElo "1566"]
[PlyCount "54"]
[EventDate "2014.06.08"]
[EventType "swiss"]
[EventRounds "9"]
[EventCountry "GER"]
[SourceTitle "CBM 160 Extra"]
[Source "ChessBase"]
[SourceDate "2014.07.01"]
[SourceVersion "1"]
[SourceVersionDate "2014.07.01"]
[SourceQuality "1"]

1. e4 c6 2. d4 d5 3. exd5 cxd5 4. Bd3 Nc6 5. c3 g6 6. Bf4 Bg7 7. h3 f6 8. Qc2 Nh6 9. g4 Nf7 10. f3 e5 11. dxe5 fxe5 12. Bg3 Be6 13. h4 e4 14. fxe4 Bxg4 15. Nd2 dxe4 16. Bxe4 Qd7 17. Ngf3 Bh6 18. 0-0-0 0-0-0 19. Kb1 Rhe8 20. Bxc6 Qxc6 21. Nd4 Rxd4 22. Qb3 Bxd1 23. Rxd1 Rxd2 24. Rxd2 Bxd2 25. Qxf7 Qe4+ 26. Ka1 Qe1+ 27. Bxe1 Rxe1# 0-1

[Event "Magdeburg op-A"]
[Site "Magdeburg"]
[Date "2014.06.10"]
[Round "4"]
[White "Lengler, Tim"]
[Black "Usczeck, Alina"]
[Result "1/2-1/2"]
[WhiteElo "1748"]
[BlackElo "1566"]
[PlyCount "70"]
[EventDate "2014.06.08"]
[EventType "swiss"]
[EventRounds "9"]
[EventCountry "GER"]
[SourceTitle "CBM 160 Extra"]
[Source "ChessBase"]
[SourceDate "2014.07.01"]
[SourceVersion "1"]
[SourceVersionDate "2014.07.01"]
[SourceQuality "1"]

1. c4 c6 2. d4 d5 3. Nc3 Nf6 4. e3 a6 5. Nf3 b5 6. cxd5 cxd5 7. Bd2 Bb7 8. a4 b4 9. Na2 a5 10. Nc1 e6 11. Bb5+ Bc6 12. Bxc6+ Nxc6 13. Nd3 Qb6 14. Rc1 Nd7 15. 0-0 Be7 16. Rc2 0-0 17. Qe2 Rfc8 18. Rfc1 Na7 19. Nde5 Nxe5 20. Nxe5 Bd6 21. Nd7 Qb7 22. Nc5 Qb6 23. Be1 Rc6 24. f3 Rac8 25. Nb3 Rxc2 26. Rxc2 Rxc2 27. Qxc2 Qc6 28. Qxc6 Nxc6 29. e4 Bf4 30. Bf2 Bc7 31. g3 Bb6 32. Kf1 Kf8 33. Ke2 Ke7 34. Kd3 Kd6 35. Be3 h6 1/2-1/2

[Event "GER-chT U14 Girls"]
[Site "Magdeburg"]
[Date "2013.12.28"]
[Round "3.1"]
[White "Usczeck, Alina"]
[Black "Halas, Julia"]
[Result "0-1"]
[WhiteElo "1554"]
[BlackElo "1646"]
[PlyCount "62"]
[EventDate "2013.12.27"]
[EventType "team-swiss"]
[EventRounds "4"]
[EventCountry "GER"]
[SourceTitle "EXT 2015"]
[Source "ChessBase"]
[SourceDate "2014.11.20"]
[SourceVersion "1"]
[SourceVersionDate "2014.11.20"]
[SourceQuality "1"]
[WhiteTeam "Lahnstein Turm"]
[BlackTeam "Leipzig SG"]
[WhiteTeamCountry "GER"]
[BlackTeamCountry "GER"]

1. e4 e6 2. d3 d5 3. Nd2 c5 4. Ngf3 Nf6 5. g3 Be7 6. Bg2 0-0 7. 0-0 Nc6 8. Re1 b5 9. e5 Nd7 10. h4 a5 11. Nf1 Ba6 12. h5 b4 13. Bf4 a4 14. a3 c4 15. h6 g6 16. N1h2 bxa3 17. bxa3 cxd3 18. cxd3 Nc5 19. Bf1 Nb3 20. Ra2 Rc8 21. d4 Bxf1 22. Nxf1 Nca5 23. N1d2 Rc1 24. Qe2 Rxe1+ 25. Qxe1 Qb6 26. Be3 Rc8 27. Nxb3 axb3 28. Ra1 b2 29. Rb1 Bxa3 30. Bd2 Nc4 31. Bc3 Qb3 0-1

[Event "GER-chT U14 Girls"]
[Site "Magdeburg"]
[Date "2013.12.27"]
[Round "2.1"]
[White "Moses, Selina"]
[Black "Usczeck, Alina"]
[Result "1/2-1/2"]
[WhiteElo "1776"]
[BlackElo "1554"]
[PlyCount "119"]
[EventDate "2013.12.27"]
[EventType "team-swiss"]
[EventRounds "4"]
[EventCountry "GER"]
[SourceTitle "EXT 2015"]
[Source "ChessBase"]
[SourceDate "2014.11.20"]
[SourceVersion "1"]
[SourceVersionDate "2014.11.20"]
[SourceQuality "1"]
[WhiteTeam "Wilkau Hasslau Muldental"]
[BlackTeam "Lahnstein Turm"]
[WhiteTeamCountry "GER"]
[BlackTeamCountry "GER"]

1. e4 c6 2. d4 d5 3. Nc3 dxe4 4. Nxe4 Nd7 5. Nf3 Ngf6 6. Ng3 e6 7. Bd3 c5 8. c3 cxd4 9. Nxd4 Bc5 10. Nf3 0-0 11. 0-0 b6 12. b4 Be7 13. a3 Bb7 14. c4 Bxf3 15. gxf3 Ne5 16. Be2 Qxd1 17. Rxd1 Rac8 18. Rd4 Rfd8 19. Rxd8+ Bxd8 20. Bf4 Nxc4 21. Rc1 Nd5 22. Be5 Nd6 23. Rxc8 Nxc8 24. Ne4 a5 25. bxa5 bxa5 26. Nc5 Be7 27. Nb7 Bxa3 28. Nxa5 Nd6 29. Bxd6 Bxd6 30. Nc4 Bc5 31. Ne5 Nf4 32. Bf1 Bd4 33. Nd3 Nd5 34. Bg2 e5 35. Kf1 Kf8 36. Bh3 Nc3 37. Bc8 Ke7 38. Bb7 Kf6 39. Kg2 Kg5 40. Kg3 f6 41. Ba8 f5 42. h4+ Kh5 43. Bb7 f4+ 44. Kh3 Nd1 45. Bc6 Nxf2+ 46. Nxf2 Bxf2 47. Be4 h6 48. Bd3 Bxh4 49. Be4 Be1 50. Bd3 Kg5 51. Be4 h5 52. Bd3 Kf6 53. Be4 g5 54. Bd3 g4+ 55. fxg4 hxg4+ 56. Kxg4 Ke6 57. Be4 Kd6 58. Kf3 Kc5 59. Ba8 Kd4 60. Bb7 1/2-1/2

[Event "GER-ch U25 op-B"]
[Site "Oberhof"]
[Date "2013.05.23"]
[Round "7"]
[White "Schenk, Philipp"]
[Black "Usczeck, Alina"]
[Result "0-1"]
[WhiteElo "1213"]
[BlackElo "1380"]
[PlyCount "114"]
[EventDate "2013.05.19"]
[EventType "swiss"]
[EventRounds "9"]
[EventCountry "GER"]
[SourceTitle "CBM 154 Extra"]
[Source "ChessBase"]
[SourceDate "2013.06.25"]
[SourceVersion "2"]
[SourceVersionDate "2013.06.25"]
[SourceQuality "1"]

1. e4 c6 2. d4 d5 3. exd5 cxd5 4. Bd3 Nc6 5. c3 g6 6. Bf4 Bg7 7. Nd2 Nh6 8. Ngf3 f6 9. Bb5 0-0 10. Bxc6 bxc6 11. h3 Nf7 12. Nb3 e5 13. dxe5 fxe5 14. Bg3 Qb6 15. 0-0 Rb8 16. Re1 Re8 17. Nbd2 Ba6 18. Qb3 Qa5 19. Qa3 Qxa3 20. bxa3 Rb2 21. Nb3 e4 22. Nfd4 Rc8 23. Reb1 Rxb1+ 24. Rxb1 Bd3 25. Rc1 Be5 26. Bxe5 Nxe5 27. Nc5 Rb8 28. Na4 Bc4 29. Ra1 Bd3 30. Rc1 Rb1 31. Rxb1 Bxb1 32. Nc5 Bxa2 33. Kf1 Bc4+ 34. Ke1 Kf7 35. g3 Ke7 36. Kd2 Bf1 37. h4 Bg2 38. Ke1 Kd6 39. Nb7+ Kc7 40. Nc5 Kb6 41. Ncb3 Nd3+ 42. Ke2 Bh3 43. Nc2 Kb5 44. Nbd4+ Kc4 45. Nxc6 Kxc3 46. N2b4 Nxb4 47. Nxb4 d4 48. Nd5+ Kc2 49. Nb4+ Kb3 50. Nc6 d3+ 51. Kd2 a6 52. Nb8 a5 53. Nc6 a4 54. Nd4+ Kxa3 55. f3 exf3 56. Nxf3 Bf5 57. Ne5 Kb3 0-1

[Event "GER-ch U25 op-B"]
[Site "Oberhof"]
[Date "2013.05.22"]
[Round "6"]
[White "Usczeck, Alina"]
[Black "Schrader, Alia"]
[Result "1/2-1/2"]
[WhiteElo "1380"]
[BlackElo "1311"]
[PlyCount "83"]
[EventDate "2013.05.19"]
[EventType "swiss"]
[EventRounds "9"]
[EventCountry "GER"]
[SourceTitle "CBM 154 Extra"]
[Source "ChessBase"]
[SourceDate "2013.06.25"]
[SourceVersion "2"]
[SourceVersionDate "2013.06.25"]
[SourceQuality "1"]

1. g3 c5 2. Bg2 Nc6 3. d3 g6 4. Nd2 Bg7 5. e4 e6 6. Ngf3 Nge7 7. 0-0 0-0 8. Re1 d6 9. Kh1 Qd7 10. Ng1 b6 11. f4 Bb7 12. g4 f5 13. gxf5 exf5 14. Nh3 Rae8 15. exf5 Nxf5 16. Ne4 Kh8 17. Nhf2 Nh4 18. Bh3 Qd8 19. Rf1 Nf5 20. Rg1 Nce7 21. Bg2 Nh4 22. Qg4 Nxg2 23. Rxg2 Nf5 24. Rg1 Bd4 25. Rf1 Ne3 26. Bxe3 Bxe3 27. Nd1 Bd4 28. c3 Bg7 29. Ndf2 Bh6 30. Qh3 Bxf4 31. Rg1 Kg7 32. Rg2 d5 33. Ng3 d4 34. Nge4 dxc3 35. bxc3 Qa8 36. Rag1 Be5 37. Qh5 Re6 38. Qg4 Rfe8 39. h4 Kf7 40. Ng5+ Kf6 41. Nfe4+ Bxe4 42. dxe4 1/2-1/2

[Event "SVR-op 36th"]
[Site "Idar Oberstein"]
[Date "2013.03.24"]
[Round "3"]
[White "Pandorf, Horst"]
[Black "Usczeck, Alina"]
[Result "1/2-1/2"]
[WhiteElo "1713"]
[BlackElo "1313"]
[PlyCount "87"]
[EventDate "2013.03.23"]
[EventType "swiss"]
[EventRounds "7"]
[EventCountry "GER"]
[SourceTitle "EXT 2014"]
[Source "ChessBase"]
[SourceDate "2013.11.20"]
[SourceVersion "1"]
[SourceVersionDate "2013.11.20"]
[SourceQuality "1"]

1. d4 Nf6 2. c4 g6 3. Nc3 Bg7 4. e4 d6 5. f3 0-0 6. Be3 e5 7. d5 Nbd7 8. Qd2 Ne8 9. Nge2 Nb6 10. Nc1 f5 11. Bd3 f4 12. Bf2 Kh8 13. Nb3 Rg8 14. h4 Nf6 15. 0-0-0 Nh5 16. Qe1 Bh6 17. Kb1 Qf6 18. Nb5 Qf7 19. c5 dxc5 20. Nxc5 a6 21. Qa5 axb5 22. Qxb5 Bf8 23. Bc2 Bxc5 24. Qxc5 Rd8 25. d6 Qxa2+ 26. Kc1 Nc4 27. Qb4 Nxd6 28. Bb3 Qa5 29. Qxa5 Rxa5 30. Kc2 Bd7 31. Rd2 Ba4 32. Bxa4 Rxa4 33. Kb3 Ra6 34. Rhd1 Nf6 35. g3 fxg3 36. Bxg3 Rb6+ 37. Kc2 Re8 38. b3 Ra6 39. Kb2 Rb6 40. Rc2 Nb5 41. Rc5 Kg8 42. Bxe5 Kf7 43. Bf4 Re7 44. Be3 1/2-1/2

[Event "SVR-op 35th"]
[Site "Nickenich"]
[Date "2012.04.05"]
[Round "4"]
[White "Usczeck, Alina"]
[Black "Vetter, Uwe"]
[Result "1-0"]
[WhiteElo "1280"]
[BlackElo "1316"]
[PlyCount "155"]
[EventDate "2012.03.30"]
[EventType "swiss"]
[EventRounds "7"]
[EventCountry "GER"]
[SourceTitle "EXT 2013"]
[Source "ChessBase"]
[SourceDate "2012.11.22"]
[SourceVersion "1"]
[SourceVersionDate "2012.11.22"]
[SourceQuality "1"]

1. e4 e6 2. d4 d5 3. exd5 exd5 4. c4 Nf6 5. Nf3 Nbd7 6. Nc3 Nb6 7. Bg5 Be7 8. cxd5 Nfxd5 9. Bxe7 Qxe7+ 10. Qe2 Qxe2+ 11. Bxe2 Nf4 12. 0-0-0 Nxe2+ 13. Nxe2 Be6 14. Nc3 0-0-0 15. Ng5 Rdf8 16. Nxe6 fxe6 17. f3 Nc4 18. Rhe1 Re8 19. Re4 Nd6 20. Re2 Re7 21. Rde1 Rhe8 22. Nd5 Rf7 23. Rxe6 Rxe6 24. Rxe6 Kd7 25. Re2 c6 26. Nb4 Nf5 27. Nc2 Re7 28. Kd1 Rxe2 29. Kxe2 Kd6 30. Kd3 Nh4 31. Ne3 Ng6 32. g3 b5 33. Nf5+ Kd5 34. Nxg7 c5 35. dxc5 Ne5+ 36. Ke2 Kxc5 37. Ne6+ Kd6 38. Nf4 a5 39. Nd3 Nc6 40. Ke3 Kd5 41. f4 a4 42. g4 Nd4 43. Nb4+ Kc4 44. f5 Kc5 45. h3 h6 46. Nd3+ Kc4 47. Ne5+ Kd5 48. Nf7 h5 49. gxh5 Nxf5+ 50. Kf4 Ke6 51. h6 Nh4 52. Kg4 Ng6 53. Ng5+ Kf6 54. Ne4+ Ke6 55. Kg5 Nh8 56. Nc3 Nf7+ 57. Kg6 Ne5+ 58. Kg7 Kf5 59. h7 Ng6 60. h8Q Nxh8 61. Kxh8 Kg5 62. Nxb5 Kh4 63. b3 axb3 64. axb3 Kxh3 65. Nd4 Kg4 66. b4 Kf4 67. b5 Ke5 68. Kg7 Kd5 69. Kf6 Kc5 70. Ke5 Kb6 71. Kd6 Kb7 72. Kc5 Kc7 73. b6+ Kb7 74. Kb5 Kb8 75. Kc6 Kc8 76. b7+ Kb8 77. Ne6 Ka7 78. Kc7 1-0

[Event "GER-chT U14 Girls"]
[Site "Arendsee"]
[Date "2011.12.29"]
[Round "5.2"]
[White "Usczeck, Alina"]
[Black "Zech, Anna"]
[Result "1-0"]
[WhiteElo "1272"]
[BlackElo "1176"]
[PlyCount "145"]
[EventDate "2011.12.27"]
[EventType "team-swiss"]
[EventRounds "7"]
[EventCountry "GER"]
[SourceTitle "EXT 2022"]
[Source "ChessBase"]
[SourceDate "2021.10.06"]
[SourceVersion "1"]
[SourceVersionDate "2021.10.06"]
[SourceQuality "1"]
[WhiteTeam "Lahnstein Turm U14 Girls"]
[BlackTeam "Luebeck SV U14 Girls"]
[WhiteTeamCountry "GER"]
[BlackTeamCountry "GER"]

1. e4 Nf6 2. e5 Nd5 3. d4 d6 4. Nf3 Bg4 5. Be2 Nc6 6. 0-0 e6 7. c4 Nb6 8. b3 dxe5 9. dxe5 Bxf3 10. Bxf3 Qxd1 11. Rxd1 g6 12. Be4 Bg7 13. Bb2 0-0 14. f4 Rfd8 15. Nc3 Rd7 16. c5 Rxd1+ 17. Rxd1 Nc8 18. Nb5 N8e7 19. Nxc7 Rd8 20. Rxd8+ Nxd8 21. Nb5 a6 22. Nd6 Nec6 23. Nxb7 Nxb7 24. Bxc6 Nxc5 25. g3 Bf8 26. Kf1 Kg7 27. Ke2 a5 28. Bc3 Na6 29. Bxa5 Nb4 30. Bxb4 Bxb4 31. a4 Kf8 32. Kf3 Ke7 33. Kg4 h5+ 34. Kf3 f5 35. exf6+ Kxf6 36. Ke4 Ke7 37. Kd4 Kd6 38. Kc4 Bc5 39. Kb5 Bg1 40. h3 Bh2 41. g4 hxg4 42. hxg4 Bxf4 43. Kb6 Be3+ 44. Kb7 Bd2 45. Be4 g5 46. Bf3 e5 47. Kb6 Be3+ 48. Kb5 Kc7 49. Kc4 Kb6 50. b4 Ka6 51. a5 Bd4 52. Bc6 Be3 53. Bb5+ Kb7 54. Kd5 Bd4 55. Bd3 Bc3 56. Kc4 Bd4 57. Kb5 Bc3 58. Kc5 Bd4+ 59. Kc4 Ka6 60. Kd5+ Kb7 61. a6+ Kb6 62. b5 Ka7 63. Kc6 Be3 64. Bc4 Bd4 65. Bd3 Bc3 66. Kd5 Bd4 67. Ke4 Kb6 68. Kf5 Kc7 69. Kxg5 Kd6 70. Kf5 Kd5 71. g5 Bc5 72. g6 Bf8 73. a7 1-0

[Event "GER-chT U14 Girls"]
[Site "Arendsee"]
[Date "2011.12.28"]
[Round "4.2"]
[White "Richardt, Angelina"]
[Black "Usczeck, Alina"]
[Result "1/2-1/2"]
[WhiteElo "1154"]
[BlackElo "1272"]
[PlyCount "80"]
[EventDate "2011.12.27"]
[EventType "team-swiss"]
[EventRounds "7"]
[EventCountry "GER"]
[SourceTitle "EXT 2022"]
[Source "ChessBase"]
[SourceDate "2021.10.06"]
[SourceVersion "1"]
[SourceVersionDate "2021.10.06"]
[SourceQuality "1"]
[WhiteTeam "Breitenworbis U14 Girls"]
[BlackTeam "Lahnstein Turm U14 Girls"]
[WhiteTeamCountry "GER"]
[BlackTeamCountry "GER"]

1. e4 c6 2. d4 d5 3. exd5 cxd5 4. Bd3 Nc6 5. c3 Nf6 6. Bf4 g6 7. Ne2 Bg7 8. Nd2 0-0 9. Nf3 Bf5 10. Bxf5 gxf5 11. Qc1 e6 12. h3 Kh8 13. Ne5 Nxe5 14. Bxe5 Rg8 15. Rg1 Nd7 16. Bf4 Bf6 17. Qd2 Bg5 18. Bxg5 Qxg5 19. Qxg5 Rxg5 20. 0-0-0 Rc8 21. Nf4 Rc6 22. Rde1 Ra6 23. Kb1 Nf6 24. Re3 Ne4 25. f3 Nd2+ 26. Ka1 Kg8 27. Ree1 Kh8 28. Rd1 Nc4 29. Rde1 Rb6 30. b3 Na3 31. Kb2 Nc4+ 32. Kc2 Nd6 33. Nd3 Rg8 34. Kb2 Rc8 35. Rc1 Rbc6 36. Ne5 R6c7 37. Rc2 Nb5 38. Rgc1 a5 39. a4 Nd6 40. Ka3 b6 1/2-1/2

[Event "GER-ch U12"]
[Site "Oberhof"]
[Date "2011.06.17"]
[Round "10"]
[White "Semenova, Alisa"]
[Black "Usczeck, Alina"]
[Result "0-1"]
[WhiteElo "1163"]
[BlackElo "1219"]
[PlyCount "78"]
[EventDate "2011.06.11"]
[EventType "swiss"]
[EventRounds "11"]
[EventCountry "GER"]
[SourceTitle "CBM 142 Extra"]
[Source "ChessBase"]
[SourceDate "2011.06.27"]
[SourceVersion "1"]
[SourceVersionDate "2011.06.27"]
[SourceQuality "1"]

1. e4 e5 2. Nf3 Nf6 3. Nxe5 d6 4. Nf3 Nxe4 5. Bd3 Nf6 6. Nc3 Bg4 7. h3 Bh5 8. 0-0 Be7 9. Re1 0-0 10. Bc4 Re8 11. Nd5 Nxd5 12. Bxd5 c6 13. Bb3 d5 14. Qe2 Nd7 15. d4 Qc7 16. Qd3 Bd6 17. Bd2 Bg6 18. Qc3 Nf6 19. Ne5 Ne4 20. Qe3 Bxe5 21. dxe5 Nxd2 22. Qxd2 Rxe5 23. Rxe5 Qxe5 24. c4 dxc4 25. Bxc4 Qf5 26. Rd1 h6 27. Qd6 Rc8 28. Bd3 Qg5 29. h4 Rd8 30. Qc7 Qxh4 31. g3 Qg5 32. Bc2 Rxd1+ 33. Bxd1 Qd2 34. Bb3 Qe1+ 35. Kg2 Be4+ 36. Kh3 Qh1+ 37. Kg4 Qf3+ 38. Kh3 Bf5+ 39. Kh2 Qxf2+ 0-1

[Event "GER-ch U12"]
[Site "Oberhof"]
[Date "2011.06.16"]
[Round "8"]
[White "Oberhofer, Marie"]
[Black "Usczeck, Alina"]
[Result "1/2-1/2"]
[WhiteElo "1068"]
[BlackElo "1219"]
[PlyCount "42"]
[EventDate "2011.06.11"]
[EventType "swiss"]
[EventRounds "11"]
[EventCountry "GER"]
[SourceTitle "CBM 142 Extra"]
[Source "ChessBase"]
[SourceDate "2011.06.27"]
[SourceVersion "1"]
[SourceVersionDate "2011.06.27"]
[SourceQuality "1"]

1. e4 e5 2. Nf3 Nf6 3. Nc3 Nc6 4. Bc4 Nxe4 5. Nxe4 d5 6. Bxd5 Qxd5 7. d3 Bf5 8. Nc3 Qd7 9. 0-0 Bd6 10. Re1 0-0 11. Bd2 Rfe8 12. Rc1 Qe6 13. d4 Qf6 14. Nd5 Qd8 15. dxe5 Nxe5 16. Nxe5 Bxe5 17. Bc3 Bd6 18. Rxe8+ Qxe8 19. Ne3 Bd7 20. Qd4 Qf8 21. Nc4 Be6 1/2-1/2